00885cam a22002411 4500001001300000003000400013005001700017008004100034010001700075035001800092040002500110041001100135050001600146082001500162100002900177245013900206260003900345300003800384490012900422600003300551700004400584999001500628af 47004260 DLC20260227110824.0720630s1945 xx 000 0 eng  aaf 47004260  a(OCoLC)346183 aDLCcOAUdOCoLCdDLC1 afreger00aBP75b.A57200a297.6/3aB1 aAndræ, Tor,d1885-1947.10aMahomet, sa vie et sa doctrine,ctraduit de l'allemand par Jean Gaudefroy-Demombynes ... Préface de Maurice Gaudefroy-Demombynes ... aParis,bAdrien-Maisonneuve,c1945. a3 p. l., [5]-192 p., 1 l.c23 cm.0 aInitiation à l'Islam, collection pub. sous le patronage de l'Institut d'études islamiques de l'Université de Paris. II00aMuḥammad,cProphet,d-632.2 aGaudefroy-Demombynes, Jean,d1898-etr. c2568d2568